| 000 | 01598cam a2200349 a 4500 | ||
|---|---|---|---|
| 999 |
_c21485 _d21485 |
||
| 001 | 971765 | ||
| 005 | 20170121142247.0 | ||
| 008 | 870708s1988 pauaf b s110 0 eng | ||
| 010 | _a 85043605 | ||
| 020 |
_a0271006145 : _c$42.50 |
||
| 043 |
_aa------ _aff----- |
||
| 050 | 0 | 0 | _aN6260 .C64 1980 |
| 111 | 2 |
_aColloquium in Memory of Richard Ettinghausen _d(1980 : _cNew York University) |
|
| 245 | 1 | 0 |
_aContent and context of visual arts in the Islamic world : _bpapers from a Colloquium in Memory of Richard Ettinghausen, Institute of Fine Arts, New York University, 2-4 April 1980 / _cplanned and organized by Carol Manson Bier ; edited by Priscilla P. Soucek. |
| 260 |
_aUniversity Park : _bPublished for the College Art Association of America by the Pennsylvania State University Press, _c1988. |
||
| 300 |
_axxii, 261 p., [15] p. of plates : _bill. ; _c29 cm. |
||
| 440 | 0 |
_aMonographs on the fine arts ; _v44 |
|
| 504 | _aIncludes bibliographies. | ||
| 600 | 1 | 0 | _aEttinghausen, Richard. |
| 650 | 0 |
_aIslamic art _vCongresses. |
|
| 700 | 1 | _aBier, Carol. | |
| 700 | 1 | _aSoucek, Priscilla Parsons. | |
| 700 | 1 | _aEttinghausen, Richard. | |
| 710 | 2 |
_aNew York University. _bInstitute of Fine Arts. |
|
| 856 | 4 | 2 |
_3Publisher description _uhttp://www.loc.gov/catdir/enhancements/fy1309/85043605-d.html |
| 942 |
_2lcc _cBOOKS |
||